000 01509nam0a22003131 4500
001 v19\rc\1419021
005 20080301121030.9
035 _a(NLR Aleph) 005223837
090 _a5533313
_c5533313
100 _a20060512e18831883|||y0rusy50 ca
101 0 _arus
102 _aRU
105 _ay z |||||
200 1 _aНесколько слов по поводу теорем П.Л. Чебышева и В.Г. Имшенецкого об определенных интегралах от произведения функций
_f[Соч.] К.А. Андреева
210 _aХарьков
_cУнив. тип.
_d1883
215 _a14 с.
_d25
309 _aБез тит. л. и обл.
311 _aОтт. из "Сообщ. Мат. о-ва при Харьк. ун-те"
488 0 _12001#$aСообщения Математического общества при Харьковском университете
700 1 _aАндреев
_bК. А.
_cматематик
_f1848-1921
_gКонстантин Алексеевич
_3RU\NLR\AUTH\7761909
_7ca
702 1 _aЧебышев
_bП. Л.
_f1821 - 1894
_gПафнутий Львович
_3RU\NLR\AUTH\7710135
_4570
_7ca
702 1 _aИмшенецкий
_bВ. Г.
_f1832-1892
_gВасилий Григорьевич
_4570
801 0 _aRU
_bNLR
_c20060512
_gpsbo
801 0 _aRU
_bRuMoRGB
_c20060512
_2psbo
801 1 _aRU
_bProSoft-M
_c20060512
_2rusmarc
801 2 _aRU
_bNLR
_c20080209
_2rusmarc
852 _aNLR
_j18.217.3.276
942 _cBOOK
980 _aNB